01016nam a22002777a 45000010005000000030006000050050017000110080041000280200018000690400029000870500009001160820008001251000025001332450098001582500035002562600032002913000039003234900029003625050007003915200219003985210027006175210018006446500026006626500018006887000032007065832FISKH20250124123054.0250123b cb ||||| |||| 00| 0 eng d a9781447299523 aFISKHbengcFISKHdFISKH aPZ7. a828 aDale, Jennyd(1956-) aLenny :bThe lazy puppy /cby Jenny Dale Illustrated by Frank Rodgers A Working Partners Book aThis edition published in 2015 aLondon :bMacmillan,c1999. a60 pages :billustrations ;c20 cm aJenny Dale's puppy tales aL  aLenny is a such a lazy puppy. Why should he run around when he can snooze in the sun? But when Lauren loses her birthday money, Lenny know he must try to help. Can he prove that he isn't such a lazy dog after all?"8 a510 bLexile estimate 8 aL bRaz-Plus  2Puppy FriendsaSeries 2PetsaFiction aRodgers, Frankdillustrator